Фердинанд Лассаль (Запись № 12631006)

Подробности
000 -МАРКЕР
контрольное поле 01972nam0a2200397 4500
001 - ИДЕНТИФИКАТОР ЗАПИСИ
контрольное поле RU\NLR\BIBL_A\012618252
005 - ИДЕНТИФИКАТОР ВЕРСИИ
контрольное поле 20220418154703.0
010 ## - МЕЖДУНАРОДНЫЙ СТАНДАРТНЫЙ НОМЕР КНИГИ (ISBN)
Номер (ISBN) 978-5-9710-8636-9
021 ## - НОМЕР ГОСУДАРСТВЕННОЙ РЕГИСТРАЦИИ
Код страны Российская Федерация
Номер КН-П-21-035665
Номер Листа государственной регистраци КН-П-21-2781
035 ## - ДРУГИЕ СИСТЕМНЫЕ НОМЕРА
Идентификатор записи (NLR Aleph) 012618252
100 ## - ДАННЫЕ ОБЩЕЙ ОБРАБОТКИ
Данные общей обработки 20260419 rusy50
101 0# - ЯЗЫК РЕСУРСА
Язык текста, звукозаписи и т.д. русский
102 ## - СТРАНА ПУБЛИКАЦИИ ИЛИ ПРОИЗВОДСТВА
Страна публикации Российская Федерация
105 ## - ПОЛЕ КОДИРОВАННЫХ ДАННЫХ: ТЕКСТОВЫЕ МАТЕРИАЛЫ, МОНОГРАФИЧЕСКИЕ
Кодированные данные о монографическом текстовом документе y z 000zb
181 #0 - ПОЛЕ КОДИРОВАННЫХ ДАННЫХ: ВИД СОДЕРЖАНИЯ
Код вида содержания (ISBD) i4
Код характеристики содержания (ISBD) axxe
182 #0 - ПОЛЕ КОДИРОВАННЫХ ДАННЫХ: ТИП СРЕДСТВА
Код типа средства (ISBD) n - непосредственное
200 1# - ЗАГЛАВИЕ И СВЕДЕНИЯ ОБ ОТВЕТСТВЕННОСТИ
Основное заглавие Фердинанд Лассаль
Сведения, относящиеся к заглавию основатель немецкой социал-демократии
-- философ, экономист, политик
Первые сведения об ответственности Э. Бернштейн
203 ## - ВИД СОДЕРЖАНИЯ И ТИП СРЕДСТВА
Вид содержания Текст
Дополнительные сведения об издании визуальный
Тип средства непосредственный
205 ## - СВЕДЕНИЯ ОБ ИЗДАНИИ
Сведения об издании Изд. 2-е
Дополнительные сведения об издании кн. воспроизводится стер. по изд. 1923 г.
210 ## - ПУБЛИКАЦИЯ, РАСПРОСТРАНЕНИЕ И ДР.
Место издания, распространения и т.д. Москва
Имя издателя, распространителя и т. д. URSS
-- ЛЕНАНД
Дата издания, распространения и т.д. 2021 (cop. 2020)
215 ## - ФИЗИЧЕСКАЯ ХАРАКТЕРИСТИКА
Специфическое обозначение материала и объем 123, [2] с.
Размеры 22
225 1# - СЕРИЯ
Основное заглавие серии Биографии выдающихся личностей
Обозначение тома № 138
300 ## - ОБЩИЕ ПРИМЕЧАНИЯ
Текст примечания 1-е изд. выходило под загл. "Ф. Лассаль: биографический очерк"
320 ## - ПРИМЕЧАНИЯ О НАЛИЧИИ В ДОКУМЕНТЕ БИБЛИОГРАФИИ / УКАЗАТЕЛЯ
Текст примечания Библиогр. в тексте
320 ## - ПРИМЕЧАНИЯ О НАЛИЧИИ В ДОКУМЕНТЕ БИБЛИОГРАФИИ / УКАЗАТЕЛЯ
Текст примечания Др. кн. авт. на 4-й с. обл.
455 #0 - ОРИГИНАЛ, С КОТОРОГО СДЕЛАНА КОПИЯ
Встроенное поле 2001#$aФ. Лассаль$eбиографический очерк
-- 210##$d1923
-- 700#1$aБернштейн$bЭ.$f1850-1932$gЭдуард$4RU\NLR\auth\7790964
Заглавие Ф. Лассаль
Автор Бернштейн, Эдуард (1850-1932)
600 #1 - ИМЯ ЛИЦА КАК ПРЕДМЕТ
Начальный элемент ввода Лассаль
Часть имени, кроме начального элемента ввода Ф.
Даты 1825 - 1864
Расширение инициалов личного имени Фердинанд
Системный номер авторитетной/нормативной записи 1356204
Идентификатор авторитетной/нормативной записи RU\NLR\AUTH\66252369
686 1# - ИНДЕКСЫ ДРУГИХ КЛАССИФИКАЦИЙ
Индекс Ю6г(4Г)
686 1# - ИНДЕКСЫ ДРУГИХ КЛАССИФИКАЦИЙ
Индекс Ф69(4Г)21
700 #1 - ИМЯ ЛИЦА - ПЕРВИЧНАЯ ОТВЕТСТВЕННОСТЬ
Начальный элемент ввода Бернштейн
Часть имени, кроме начального элемента ввода Э.
Дополнения к именам, кроме дат полит. деятель
Даты 1850-1932
Расширение инициалов личного имени Эдуард
Системный номер авторитетной/нормативной записи 73891
Идентификатор авторитетной/нормативной записи RU\NLR\auth\7790964
702 #1 - ИМЯ ЛИЦА - ВТОРИЧНАЯ ОТВЕТСТВЕННОСТЬ
Код отношения Объект посвящения
Графика поля Кириллица
Материалы, к которым относится поле rus
Начальный элемент ввода Лассаль
Часть имени, кроме начального элемента ввода Ф.
Даты 1825-1864
Расширение инициалов личного имени Фердинанд
Системный номер авторитетной/нормативной записи 45840
Идентификатор авторитетной/нормативной записи RU\NLR\AUTH\7762910
942 ## - ДОПОЛНИТЕЛЬНЫЕ ЭЛЕМЕНТЫ ЗАПИСИ (АБИС)
Тип экземпляра АБИС Книга
980 ## - КОЛЛЕКЦИЯ
Название коллекции Национальная библиография
Экземпляры
Тип экземпляра Дата поступления Источник поступления Библиотека постоянного хранения Библиотека текущего хранения Место хранения Шифр хранения Штрих-код Статус экземпляра
Книга 13.10.2021 Обязательный экземпляр РНБ (Московский) РНБ (Московский) Русский книжный фонд: издания с 1957 года 2021-5/8264 1-3502151